| 000 | 01099nam a2200349 c 4500 | ||
|---|---|---|---|
| 001 | 53988 | ||
| 003 | ES-MaCES | ||
| 005 | 20251127115103.0 | ||
| 008 | 000000s2025 sp f 000 | spa d | ||
| 017 |
_aNA 26538-2025 _bDL |
||
| 020 | _a9788410852297 | ||
| 040 |
_aES-MaCES _bspa _cES-MaCES |
||
| 100 | 1 |
_913049 _aGarcía Roca, Javier |
|
| 245 | 1 | 0 |
_aLecciones de Derecho constitucional _cGarcía Roca, Javier |
| 250 | _a2ª ed | ||
| 260 |
_aLas Rozas (Madrid) _bAranzadi La Ley _c2025 |
||
| 300 |
_a1178 p. _c24 cm |
||
| 490 | 1 | _aTratados y manuales | |
| 500 | _aAnteriormente, v.a.: Tratados y manuales (Civitas) | ||
| 504 | _aBibliografía | ||
| 541 | _cCompra | ||
| 650 | 4 |
_aconstitución _927193 |
|
| 650 | 4 |
_aderecho constitucional _927158 |
|
| 650 | 4 |
_aderecho comunitario _929866 |
|
| 650 | 4 |
_aEspaña _926964 |
|
| 650 | 4 |
_amanual _929264 |
|
| 653 | 1 | 0 | _aDerecho constitucional |
| 787 | 0 |
_tLecciones de Derecho constitucional García Roca, Javier _w(ES-MaCES)52969 |
|
| 830 |
_aManuales (Aranzadi La Ley) _941576 |
||
| 902 | _aLIB Libro | ||
| 942 |
_2CES _cBK _h6.0.3. |
||
| 999 |
_c53988 _d53988 |
||